000 01229nam0a22002651 4500
001 rc\2774263
005 20250806204621.0
035 _a(NLR Aleph) 006900582
090 _a28858
_c28858
100 _a20110915d1941 u y0rusy50 ca
101 0 _arus
102 _aRU
105 _aa z |||||
200 1 _aТиповые правила движения по улицам и дорогам Союза ССР
_e[Для учащихся-заочников по курсу подготовки шоферов 3 класса ]
_fВр. нач. Госавтоинспекции ГУРКМ НКВД СССР
210 _aМосква
_aЛенинград
_cИзд-во Наркомхоза РСФСР
_d1941
_eМосква
215 _a52 с.
_cил., схем.
_d22 см.
300 _aВ конце текста: вр. нач. Госавтоинспекции ГУРКМ НКВД СССР
712 0 1 _aСССР
_bГосударственная автомобильная инспекция
_3RU\NLR\AUTH\8810052931
801 0 _aRU
_bNLR
_gpsbo
801 1 _aRU
_bELAR
_2rusmarc
852 _aNLR
_jТ86 Г-6/8
942 _cBOOK
945 _aРоссийская национальная библиотека
980 _aNB
980 _aBV